[Event "ZN-2017-0-03537"]
[Site "LSS email"]
[Date "2017.04.10"]
[Round "?"]
[White "Garcia, Javier"]
[Black "Strnad, Pavel"]
[Result "0-1"]
[WhiteElo "758"]
[BlackElo "475"]
[PlyCount "20"]
[EventDate "2017.04.06"]
[EventType "match (corr)"]
[EventRounds "2"]
[EventCountry "GER"]
[SourceTitle "Corr 2022"]
[Source "ChessBase"]
[SourceDate "2021.10.24"]
[SourceVersion "1"]
[SourceVersionDate "2021.10.24"]
[SourceQuality "1"]

1. d4 d5 2. c4 e6 3. Nf3 Nf6 4. Bg5 Be7 5. e3 0-0 6. cxd5 exd5 7. Bd3 Bg4 8. 0-0 Nbd7 9. h3 Bxf3 10. Qxf3 h6 0-1

[Event "LSS No Engine Cup 168 Preliminary 0"]
[Site "LSS email"]
[Date "2017.04.03"]
[Round "?"]
[White "Daigle, Sylvain"]
[Black "Garcia, Javier"]
[Result "1-0"]
[WhiteElo "1600"]
[BlackElo "1044"]
[PlyCount "21"]
[EventDate "2017.04.04"]
[EventType "tourn (corr)"]
[EventRounds "6"]
[EventCountry "GER"]
[SourceTitle "Corr 2022"]
[Source "ChessBase"]
[SourceDate "2021.10.24"]
[SourceVersion "1"]
[SourceVersionDate "2021.10.24"]
[SourceQuality "1"]

1. d4 Nf6 2. c4 e6 3. Bg5 Bb4+ 4. Nc3 0-0 5. Nf3 Nc6 6. e3 h6 7. Bh4 d6 8. a3 Bxc3+ 9. bxc3 b6 10. Bd3 Re8 11. 0-0 1-0

[Event "LSS No Engine Cup 168 Preliminary 0"]
[Site "LSS email"]
[Date "2017.04.03"]
[Round "?"]
[White "Newton, Daryl"]
[Black "Garcia, Javier"]
[Result "1-0"]
[WhiteElo "990"]
[BlackElo "1044"]
[PlyCount "27"]
[EventDate "2017.04.04"]
[EventType "tourn (corr)"]
[EventRounds "6"]
[EventCountry "GER"]
[SourceTitle "Corr 2022"]
[Source "ChessBase"]
[SourceDate "2021.10.24"]
[SourceVersion "1"]
[SourceVersionDate "2021.10.24"]
[SourceQuality "1"]

1. Nf3 Nf6 2. e3 e6 3. Be2 Nc6 4. Nc3 Bb4 5. Nb5 a6 6. Nbd4 0-0 7. a3 Nxd4 8. Nxd4 Ba5 9. b4 Bb6 10. Bb2 c5 11. bxc5 Bxc5 12. 0-0 Re8 13. c3 Bxd4 14. cxd4 1-0

[Event "OP-2017-0-04312"]
[Site "LSS email"]
[Date "2017.03.30"]
[Round "?"]
[White "Garcia, Javier"]
[Black "Sirotkin, Evgenji"]
[Result "0-1"]
[WhiteElo "781"]
[BlackElo "1677"]
[PlyCount "52"]
[EventDate "2017.03.25"]
[EventType "tourn (corr)"]
[EventRounds "4"]
[EventCountry "GER"]
[SourceTitle "Corr 2022"]
[Source "ChessBase"]
[SourceDate "2021.10.24"]
[SourceVersion "1"]
[SourceVersionDate "2021.10.24"]
[SourceQuality "1"]

1. d4 Nf6 2. Nf3 e6 3. Bg5 Be7 4. e3 0-0 5. Bd3 h6 6. Bh4 b6 7. 0-0 Bb7 8. Nbd2 d6 9. Re1 c5 10. dxc5 dxc5 11. Nc4 Nc6 12. a3 b5 13. Nce5 Nxe5 14. Nxe5 c4 15. Be2 Qc7 16. Bg3 Rfd8 17. Qc1 Ne4 18. Nxf7 Nxg3 19. Nxd8 Nxe2+ 20. Rxe2 Rxd8 21. c3 Bd6 22. h3 Qc6 23. f3 Bc7 24. Qc2 Rd3 25. Rd1 Qd6 26. Rxd3 cxd3 0-1

[Event "OP-2017-0-04312"]
[Site "LSS email"]
[Date "2017.03.29"]
[Round "?"]
[White "Freitas, Paulo"]
[Black "Garcia, Javier"]
[Result "1-0"]
[WhiteElo "2188"]
[BlackElo "781"]
[PlyCount "51"]
[EventDate "2017.03.25"]
[EventType "tourn (corr)"]
[EventRounds "4"]
[EventCountry "GER"]
[SourceTitle "Corr 2022"]
[Source "ChessBase"]
[SourceDate "2021.10.24"]
[SourceVersion "1"]
[SourceVersionDate "2021.10.24"]
[SourceQuality "1"]

1. d4 Nf6 2. c4 e6 3. Nf3 Bb4+ 4. Bd2 Bxd2+ 5. Qxd2 0-0 6. Nc3 Nc6 7. e3 b6 8. Be2 Bb7 9. 0-0 Re8 10. a3 d6 11. b4 Ne7 12. Qc2 Ng6 13. Rac1 e5 14. d5 e4 15. Nd4 Qd7 16. Rfd1 Rac8 17. g3 c5 18. dxc6 Bxc6 19. Nxc6 Rxc6 20. Qb3 a6 21. Nd5 Nxd5 22. cxd5 Rxc1 23. Rxc1 b5 24. Qc2 h6 25. Qc6 Qxc6 26. Rxc6 1-0

[Event "RN-2017-0-01270"]
[Site "LSS email"]
[Date "2017.03.28"]
[Round "?"]
[White "Croke, Pat"]
[Black "Garcia, Javier"]
[Result "1-0"]
[WhiteElo "615"]
[BlackElo "767"]
[PlyCount "49"]
[EventDate "2017.03.16"]
[EventType "tourn (corr)"]
[EventRounds "6"]
[EventCountry "GER"]
[SourceTitle "Corr 2022"]
[Source "ChessBase"]
[SourceDate "2021.10.24"]
[SourceVersion "1"]
[SourceVersionDate "2021.10.24"]
[SourceQuality "1"]

1. e4 c5 2. Nc3 Nc6 3. Nf3 Nf6 4. Bc4 d6 5. Ng5 e6 6. 0-0 Ne5 7. d3 h6 8. Nf3 Nfd7 9. d4 Nxf3+ 10. Qxf3 cxd4 11. Nb5 Ne5 12. Qe2 Nxc4 13. Qxc4 e5 14. c3 Be6 15. Qa4 Bd7 16. cxd4 Bxb5 17. Qxb5+ Qd7 18. Qxd7+ Kxd7 19. dxe5 dxe5 20. Be3 Ke6 21. f4 exf4 22. Rxf4 Bd6 23. Rf3 b6 24. Raf1 f6 25. b3 1-0

[Event "RN-2017-0-01270"]
[Site "LSS email"]
[Date "2017.03.27"]
[Round "?"]
[White "Garcia, Javier"]
[Black "Venturas, Bob"]
[Result "1-0"]
[WhiteElo "767"]
[BlackElo "551"]
[PlyCount "51"]
[EventDate "2017.03.16"]
[EventType "tourn (corr)"]
[EventRounds "6"]
[EventCountry "GER"]
[SourceTitle "Corr 2022"]
[Source "ChessBase"]
[SourceDate "2021.10.24"]
[SourceVersion "1"]
[SourceVersionDate "2021.10.24"]
[SourceQuality "1"]

1. d4 d5 2. c4 dxc4 3. Nf3 h6 4. e4 Nf6 5. Nc3 a6 6. Bxc4 Bg4 7. Be3 e6 8. Qa4+ c6 9. Ne5 Bh5 10. 0-0 b5 11. Nxb5 cxb5 12. Bxb5+ Nfd7 13. Nxd7 Nxd7 14. Bxd7+ Qxd7 15. Qxd7+ Kxd7 16. Rac1 Bd6 17. f4 Rhb8 18. b3 Ba3 19. Rc2 Be2 20. Rxe2 a5 21. d5 exd5 22. exd5 Re8 23. Rff2 Rac8 24. h3 Rc1+ 25. Kh2 Bd6 26. Bxc1 1-0

[Event "OP-2017-0-04296"]
[Site "LSS email"]
[Date "2017.03.10"]
[Round "?"]
[White "Garcia, Javier"]
[Black "Gumentchuk, Leksandr"]
[Result "0-1"]
[WhiteElo "795"]
[BlackElo "1578"]
[PlyCount "32"]
[EventDate "2017.03.02"]
[EventType "tourn (corr)"]
[EventRounds "4"]
[EventCountry "GER"]
[SourceTitle "Corr 2022"]
[Source "ChessBase"]
[SourceDate "2021.10.24"]
[SourceVersion "1"]
[SourceVersionDate "2021.10.24"]
[SourceQuality "1"]

1. c4 Nf6 2. Nc3 g6 3. Nf3 Bg7 4. d4 d5 5. cxd5 Nxd5 6. e4 Nxc3 7. bxc3 c5 8. Bb5+ Nc6 9. Bxc6+ bxc6 10. Be3 Ba6 11. Ne5 0-0 12. Nxc6 Qd6 13. Ne5 cxd4 14. cxd4 Bxe5 15. dxe5 Qxe5 16. Qd4 Qb5 0-1

[Event "RN-2017-0-01264"]
[Site "LSS email"]
[Date "2017.03.09"]
[Round "?"]
[White "Garcia, Javier"]
[Black "Venturas, Bob"]
[Result "0-1"]
[WhiteElo "756"]
[BlackElo "621"]
[PlyCount "126"]
[EventDate "2017.02.22"]
[EventType "tourn (corr)"]
[EventRounds "6"]
[EventCountry "GER"]
[SourceTitle "Corr 2022"]
[Source "ChessBase"]
[SourceDate "2021.10.24"]
[SourceVersion "1"]
[SourceVersionDate "2021.10.24"]
[SourceQuality "1"]

1. e4 e5 2. Nf3 d6 3. Bb5+ c6 4. Be2 h6 5. b3 Be7 6. Bb2 Nf6 7. Nc3 0-0 8. 0-0 Nh7 9. Re1 Nd7 10. d4 Ndf6 11. dxe5 dxe5 12. Qxd8 Rxd8 13. Red1 Bd6 14. Nxe5 Be6 15. Nf3 Be7 16. Rd3 Rxd3 17. cxd3 Rd8 18. Rd1 Bc5 19. Na4 Bb6 20. Nxb6 axb6 21. h3 Nd7 22. Ne5 c5 23. Nc4 Ra8 24. a4 Nhf8 25. Bg4 Ng6 26. Bxe6 fxe6 27. Nd6 Rb8 28. g3 Ne7 29. f4 Nc6 30. d4 cxd4 31. Bxd4 Nc5 32. Bxc5 bxc5 33. Nc4 Nd4 34. Rd3 Rd8 35. Kf2 Kf8 36. e5 Ke7 37. Nd6 b6 38. b4 Ra8 39. bxc5 bxc5 40. Ra3 g6 41. a5 Kd7 42. a6 Nc6 43. Nf7 h5 44. Nd6 Nb4 45. a7 Nc6 46. Nb5 Kc8 47. Nd6+ Kd7 48. Nb5 Kc8 49. Rc3 Kb7 50. Nd6+ Kxa7 51. Rxc5 Kb6 52. Rc2 Ra4 53. Nf7 Rd4 54. Ke3 Rd7 55. Ng5 Nd8 56. Rb2+ Kc5 57. Rc2+ Kd5 58. Rd2+ Kc6 59. Rxd7 Kxd7 60. g4 Ke7 61. gxh5 gxh5 62. Nh7 Kf7 63. Nf6 h4 0-1

[Event "SN-2017-0-00835"]
[Site "LSS email"]
[Date "2017.03.04"]
[Round "?"]
[White "Caviglia, Maximiliano"]
[Black "Garcia, Javier"]
[Result "1-0"]
[WhiteElo "1007"]
[BlackElo "734"]
[PlyCount "53"]
[EventDate "2017.02.10"]
[EventType "tourn (corr)"]
[EventRounds "6"]
[EventCountry "GER"]
[SourceTitle "Corr 2022"]
[Source "ChessBase"]
[SourceDate "2021.10.24"]
[SourceVersion "1"]
[SourceVersionDate "2021.10.24"]
[SourceQuality "1"]

1. d3 Nf6 2. g3 g6 3. Bg2 Bg7 4. b3 0-0 5. Bb2 Nc6 6. e3 b6 7. Ne2 Bb7 8. 0-0 Re8 9. Nd2 e6 10. h3 d6 11. a3 e5 12. Rc1 Qd7 13. Kh2 d5 14. Nf3 Rad8 15. c4 dxc4 16. dxc4 Qxd1 17. Rfxd1 Rxd1 18. Rxd1 e4 19. Nfd4 Nxd4 20. exd4 e3 21. Bxb7 exf2 22. Bf3 Ne4 23. Kg2 c5 24. Bxe4 Rxe4 25. Kxf2 cxd4 26. Bxd4 Bxd4+ 27. Rxd4 1-0

[Event "SN-2017-0-00835"]
[Site "LSS email"]
[Date "2017.03.04"]
[Round "?"]
[White "Garcia, Javier"]
[Black "Tolnai, Rudolf"]
[Result "0-1"]
[WhiteElo "734"]
[BlackElo "868"]
[PlyCount "86"]
[EventDate "2017.02.10"]
[EventType "tourn (corr)"]
[EventRounds "6"]
[EventCountry "GER"]
[SourceTitle "Corr 2022"]
[Source "ChessBase"]
[SourceDate "2021.10.24"]
[SourceVersion "1"]
[SourceVersionDate "2021.10.24"]
[SourceQuality "1"]

1. d4 d5 2. c4 dxc4 3. Nc3 c6 4. Nf3 f6 5. e4 b5 6. Be2 Bg4 7. h3 Bh5 8. Bf4 Nd7 9. 0-0 Bxf3 10. Bxf3 e5 11. dxe5 fxe5 12. Bg3 Bc5 13. Bh5+ g6 14. Bg4 Ngf6 15. Qd2 0-0 16. Bh4 Kg7 17. Rad1 Bd4 18. Ne2 c5 19. Nc3 Qa5 20. Bxd7 Nxd7 21. Be7 Rf7 22. Bg5 b4 23. Bh6+ Kh8 24. Ne2 Qxa2 25. Nxd4 cxd4 26. Qxb4 Nf6 27. f3 Ng8 28. Bg5 h6 29. Ra1 Qb3 30. Qxb3 cxb3 31. Bd2 Rc7 32. Rfc1 Rc2 33. Rxc2 bxc2 34. Rc1 d3 35. Kf2 Kg7 36. Ke3 Rd8 37. Bc3 Kf6 38. f4 Ke6 39. fxe5 Ne7 40. g4 Nc6 41. Kd2 Nxe5 42. Bxe5 Kxe5 43. Re1 Rd4 0-1

[Event "OP-2017-0-04292"]
[Site "LSS email"]
[Date "2017.03.03"]
[Round "?"]
[White "Buecker, Juergen"]
[Black "Garcia, Javier"]
[Result "1-0"]
[WhiteElo "2452"]
[BlackElo "768"]
[PlyCount "31"]
[EventDate "2017.02.23"]
[EventType "tourn (corr)"]
[EventRounds "4"]
[EventCountry "GER"]
[SourceTitle "Corr 2022"]
[Source "ChessBase"]
[SourceDate "2021.10.24"]
[SourceVersion "1"]
[SourceVersionDate "2021.10.24"]
[SourceQuality "1"]

1. e4 c5 2. Nf3 d6 3. d4 cxd4 4. Nxd4 Nf6 5. Nc3 a6 6. h3 g6 7. g4 Bg7 8. Bg2 e5 9. Nde2 0-0 10. f4 Nc6 11. f5 gxf5 12. exf5 Re8 13. Ng3 Nd4 14. 0-0 Qb6 15. Kh2 Bd7 16. g5 1-0

[Event "OP-2017-0-04292"]
[Site "LSS email"]
[Date "2017.03.03"]
[Round "?"]
[White "Garcia, Javier"]
[Black "Richter, Klaus"]
[Result "0-1"]
[WhiteElo "768"]
[BlackElo "1685"]
[PlyCount "48"]
[EventDate "2017.02.23"]
[EventType "tourn (corr)"]
[EventRounds "4"]
[EventCountry "GER"]
[SourceTitle "Corr 2022"]
[Source "ChessBase"]
[SourceDate "2021.10.24"]
[SourceVersion "1"]
[SourceVersionDate "2021.10.24"]
[SourceQuality "1"]

1. d4 d5 2. c4 e6 3. Nf3 Nf6 4. Bg5 Be7 5. e3 0-0 6. cxd5 exd5 7. Bd3 Be6 8. 0-0 Nbd7 9. Nc3 h6 10. Bh4 c6 11. Re1 b5 12. a3 a6 13. Qc2 Rc8 14. b4 a5 15. h3 axb4 16. axb4 Bxb4 17. Reb1 Bd6 18. Ra2 g5 19. Nxg5 hxg5 20. Bxg5 b4 21. Ne2 c5 22. Nf4 c4 23. Nxe6 fxe6 24. Bxf6 cxd3 0-1

[Event "OP-2017-0-04292"]
[Site "LSS email"]
[Date "2017.03.03"]
[Round "?"]
[White "Garcia, Javier"]
[Black "Shim Ng Min, Francis"]
[Result "0-1"]
[WhiteElo "768"]
[BlackElo "1217"]
[PlyCount "84"]
[EventDate "2017.02.23"]
[EventType "tourn (corr)"]
[EventRounds "4"]
[EventCountry "GER"]
[SourceTitle "Corr 2022"]
[Source "ChessBase"]
[SourceDate "2021.10.24"]
[SourceVersion "1"]
[SourceVersionDate "2021.10.24"]
[SourceQuality "1"]

1. d4 Nf6 2. c4 e6 3. Nc3 d5 4. Bg5 Be7 5. e3 0-0 6. cxd5 exd5 7. Bd3 c6 8. Nf3 h6 9. Bh4 Bg4 10. h3 Be6 11. Ne5 Nbd7 12. f4 Nxe5 13. fxe5 Nd7 14. Bxe7 Qxe7 15. 0-0 Qg5 16. Qf3 f6 17. Bf5 Bxf5 18. Qxf5 Qxe3+ 19. Kh1 Nb6 20. Qe6+ Kh8 21. Rae1 Qxd4 22. exf6 Rxf6 23. Rxf6 Qxf6 24. Qxf6 gxf6 25. Re7 d4 26. Ne4 Nd5 27. Rxb7 Re8 28. Nc5 Re1+ 29. Kh2 Re3 30. Rb8+ Kg7 31. Rb7+ Kg6 32. Rxa7 d3 33. Nxd3 Rxd3 34. a4 Rb3 35. Ra6 Rxb2 36. Rxc6 Nf4 37. Kg3 Nxg2 38. a5 Ra2 39. a6 Ne3 40. Re6 Nf5+ 41. Kf4 Ra4+ 42. Kf3 Nd4+ 0-1

[Event "ZN-2017-0-03517"]
[Site "LSS email"]
[Date "2017.03.01"]
[Round "?"]
[White "Neuhausen, Rainer"]
[Black "Garcia, Javier"]
[Result "1/2-1/2"]
[WhiteElo "980"]
[BlackElo "775"]
[PlyCount "71"]
[EventDate "2017.02.21"]
[EventType "match (corr)"]
[EventRounds "2"]
[EventCountry "GER"]
[SourceTitle "Corr 2022"]
[Source "ChessBase"]
[SourceDate "2021.10.24"]
[SourceVersion "1"]
[SourceVersionDate "2021.10.24"]
[SourceQuality "1"]

1. e4 c5 2. Nf3 d6 3. d4 cxd4 4. Nxd4 Nf6 5. Nc3 a6 6. Be3 e5 7. Nb3 Bg4 8. Be2 Bxe2 9. Qxe2 Be7 10. 0-0 0-0 11. f4 exf4 12. Bxf4 Re8 13. Rad1 Bf8 14. Qd3 Nc6 15. Bxd6 Bxd6 16. Qxd6 Qxd6 17. Rxd6 Rad8 18. Rfd1 Rxd6 19. Rxd6 h6 20. Nc5 Nb4 21. Nxb7 Nxe4 22. Nxe4 Rxe4 23. c3 Nxa2 24. Rxa6 Nc1 25. Nd6 Re1+ 26. Kf2 Re2+ 27. Kf3 Rxb2 28. Ra8+ Kh7 29. Nxf7 Rb3 30. Rh8+ Kg6 31. Ne5+ Kf6 32. Ng4+ Ke7 33. Rc8 Na2 34. Rc7+ Kf8 35. Ne5 Rxc3+ 36. Rxc3 1/2-1/2

[Event "LSS No Engine Cup 167 Preliminary 0"]
[Site "LSS email"]
[Date "2017.02.26"]
[Round "?"]
[White "Garcia, Javier"]
[Black "MacDonald, Rob"]
[Result "0-1"]
[WhiteElo "1040"]
[BlackElo "1450"]
[PlyCount "38"]
[EventDate "2017.02.27"]
[EventType "tourn (corr)"]
[EventRounds "6"]
[EventCountry "GER"]
[SourceTitle "Corr 2022"]
[Source "ChessBase"]
[SourceDate "2021.10.24"]
[SourceVersion "1"]
[SourceVersionDate "2021.10.24"]
[SourceQuality "1"]

1. d4 Nf6 2. c4 Nc6 3. Nc3 e5 4. d5 Ne7 5. Nf3 Ng6 6. Bg5 Be7 7. e4 0-0 8. Bd3 Nxd5 9. Bxe7 Ndxe7 10. 0-0 d6 11. Qc2 Bg4 12. Nd2 Nf4 13. h3 Bxh3 14. Nd5 Nexd5 15. cxd5 Bxg2 16. Rfe1 Qg5 17. Re3 Nh3+ 18. Kh2 Nf4 19. Nf3 Qh6+ 0-1

[Event "LSS No Engine Cup 167 Preliminary 0"]
[Site "LSS email"]
[Date "2017.02.26"]
[Round "?"]
[White "Van Gysel, Marc"]
[Black "Garcia, Javier"]
[Result "1-0"]
[WhiteElo "1960"]
[BlackElo "1040"]
[PlyCount "51"]
[EventDate "2017.02.27"]
[EventType "tourn (corr)"]
[EventRounds "6"]
[EventCountry "GER"]
[SourceTitle "Corr 2022"]
[Source "ChessBase"]
[SourceDate "2021.10.24"]
[SourceVersion "1"]
[SourceVersionDate "2021.10.24"]
[SourceQuality "1"]

1. d4 Nf6 2. Nf3 e6 3. g3 Bb4+ 4. c3 Be7 5. Bg2 b6 6. 0-0 Bb7 7. c4 0-0 8. Nc3 d6 9. d5 exd5 10. cxd5 Nbd7 11. Nd4 Re8 12. e4 Ne5 13. f4 Ng6 14. a3 Bf8 15. b4 Rc8 16. Bb2 c5 17. dxc6 Bxc6 18. Nxc6 Rxc6 19. e5 dxe5 20. Bxc6 Qxd1 21. Raxd1 Rc8 22. fxe5 Ng4 23. Bd7 Rxc3 24. Bxc3 Ne3 25. e6 Nxd1 26. exf7+ 1-0

[Event "LSS No Engine Cup 167 Preliminary 0"]
[Site "LSS email"]
[Date "2017.02.26"]
[Round "?"]
[White "Verich, Oleg"]
[Black "Garcia, Javier"]
[Result "1-0"]
[WhiteElo "1470"]
[BlackElo "1040"]
[PlyCount "41"]
[EventDate "2017.02.27"]
[EventType "tourn (corr)"]
[EventRounds "6"]
[EventCountry "GER"]
[SourceTitle "Corr 2022"]
[Source "ChessBase"]
[SourceDate "2021.10.24"]
[SourceVersion "1"]
[SourceVersionDate "2021.10.24"]
[SourceQuality "1"]

1. Nf3 Nf6 2. d4 e6 3. Bg5 Be7 4. Nbd2 0-0 5. e4 h6 6. Bxf6 Bxf6 7. e5 Be7 8. Bd3 b6 9. Ne4 Bb7 10. 0-0 d5 11. Ng3 c5 12. c3 c4 13. Bc2 Nd7 14. Rc1 f5 15. exf6 Nxf6 16. Ne5 Nd7 17. Qg4 Nxe5 18. dxe5 Qd7 19. Qg6 d4 20. Qh7+ Kf7 21. Bg6# 1-0

[Event "RN-2017-0-01261"]
[Site "LSS email"]
[Date "2017.02.25"]
[Round "?"]
[White "Garcia, Javier"]
[Black "Arango Marin, Sixto Gregorio"]
[Result "0-1"]
[WhiteElo "752"]
[BlackElo "739"]
[PlyCount "40"]
[EventDate "2017.02.15"]
[EventType "tourn (corr)"]
[EventRounds "6"]
[EventCountry "GER"]
[SourceTitle "Corr 2022"]
[Source "ChessBase"]
[SourceDate "2021.10.24"]
[SourceVersion "1"]
[SourceVersionDate "2021.10.24"]
[SourceQuality "1"]

1. d4 d5 2. c4 Nf6 3. Nf3 Bg4 4. Nc3 Bxf3 5. exf3 e6 6. Bg5 Be7 7. Qa4+ c6 8. cxd5 b5 9. Nxb5 Nxd5 10. Bxe7 cxb5 11. Bxb5+ Kxe7 12. Qa3+ Qd6 13. Qxd6+ Kxd6 14. 0-0 a6 15. Bd3 Nc6 16. Be4 Rab8 17. b3 Nxd4 18. Rfd1 Ne2+ 19. Kh1 Nec3 20. Rd4 Ke5 0-1

[Event "RN-2017-0-01261"]
[Site "LSS email"]
[Date "2017.02.25"]
[Round "?"]
[White "Lenz, Juergen"]
[Black "Garcia, Javier"]
[Result "1-0"]
[WhiteElo "1060"]
[BlackElo "752"]
[PlyCount "71"]
[EventDate "2017.02.15"]
[EventType "tourn (corr)"]
[EventRounds "6"]
[EventCountry "GER"]
[SourceTitle "Corr 2022"]
[Source "ChessBase"]
[SourceDate "2021.10.24"]
[SourceVersion "1"]
[SourceVersionDate "2021.10.24"]
[SourceQuality "1"]

1. d4 Nf6 2. Nf3 e6 3. Bf4 Bb4+ 4. c3 Be7 5. h3 0-0 6. e3 Nc6 7. Bd3 b6 8. 0-0 Nd5 9. Bh2 f5 10. Nbd2 Bb7 11. e4 fxe4 12. Nxe4 Nf6 13. Qe2 Nxe4 14. Bxe4 d5 15. Bc2 Qd7 16. Qd3 g6 17. Rfe1 a5 18. Qe3 Rf7 19. Ne5 Nxe5 20. Bxe5 Raf8 21. Re2 c5 22. Rae1 cxd4 23. Bxd4 Ba6 24. Bd3 Bxd3 25. Qxd3 Bc5 26. Rxe6 Bxd4 27. Qxd4 Rf4 28. Qxb6 Rxf2 29. Qxf2 Rxf2 30. Kxf2 Kf7 31. R6e3 Qa7 32. Kf3 Qb7 33. Re7+ Qxe7 34. Rxe7+ Kxe7 35. Ke3 Kd6 36. Kd4 1-0

[Event "RN-2017-0-01261"]
[Site "LSS email"]
[Date "2017.02.25"]
[Round "?"]
[White "Venturas, Bob"]
[Black "Garcia, Javier"]
[Result "0-1"]
[WhiteElo "631"]
[BlackElo "752"]
[PlyCount "90"]
[EventDate "2017.02.15"]
[EventType "tourn (corr)"]
[EventRounds "6"]
[EventCountry "GER"]
[SourceTitle "Corr 2022"]
[Source "ChessBase"]
[SourceDate "2021.10.24"]
[SourceVersion "1"]
[SourceVersionDate "2021.10.24"]
[SourceQuality "1"]

1. e4 c5 2. Nf3 d6 3. h3 Nf6 4. Nc3 Nc6 5. Bb5 Bd7 6. a3 a6 7. Bc4 e6 8. 0-0 b5 9. Ba2 g6 10. d4 cxd4 11. Nxd4 Bg7 12. Bg5 h6 13. Bh4 0-0 14. f4 Qb6 15. Bf2 Nxd4 16. Bxd4 Qc6 17. e5 dxe5 18. fxe5 Nd5 19. Ne2 Bxe5 20. Bxd5 Qxd5 21. Rc1 Bxd4+ 22. Nxd4 Bc8 23. Qd3 Bb7 24. Rf2 e5 25. Ne2 Qxd3 26. cxd3 Rac8 27. Rff1 Rxc1 28. Rxc1 Rc8 29. Rxc8+ Bxc8 30. Kf2 Bf5 31. d4 exd4 32. Nxd4 Be6 33. Ke3 Bd5 34. g3 Kg7 35. h4 f5 36. Kf4 Bb7 37. b4 Kf6 38. Ne2 g5+ 39. hxg5+ hxg5+ 40. Ke3 Ke5 41. Kd3 Be4+ 42. Ke3 Bc2 43. Kd2 Bb3 44. Ke3 Bc4 45. Nd4 f4+ 0-1

[Event "RN-2017-0-01259"]
[Site "LSS email"]
[Date "2017.02.23"]
[Round "?"]
[White "Neumann, Otto"]
[Black "Garcia, Javier"]
[Result "1-0"]
[WhiteElo "960"]
[BlackElo "734"]
[PlyCount "69"]
[EventDate "2017.02.11"]
[EventType "tourn (corr)"]
[EventRounds "6"]
[EventCountry "GER"]
[SourceTitle "Corr 2022"]
[Source "ChessBase"]
[SourceDate "2021.10.24"]
[SourceVersion "1"]
[SourceVersionDate "2021.10.24"]
[SourceQuality "1"]

1. d4 d5 2. Nf3 Nf6 3. Bg5 Bg4 4. e3 c6 5. Be2 Qa5+ 6. Nbd2 h6 7. Bf4 Nbd7 8. 0-0 e6 9. a3 Be7 10. Rc1 0-0 11. c3 Nh5 12. Be5 Nxe5 13. Nxe5 Bxe2 14. Qxe2 Nf6 15. c4 dxc4 16. Ndxc4 Qd8 17. Rfd1 Nd5 18. b4 b5 19. Nxc6 Qc7 20. N4e5 Bd6 21. Qxb5 Bxe5 22. Nxe5 Nc3 23. Qd3 Rac8 24. Kf1 f6 25. Ng6 Qxh2 26. Rxc3 Qh1+ 27. Ke2 Qh5+ 28. f3 Rxc3 29. Ne7+ Kf7 30. Qxc3 Qb5+ 31. Kf2 Kxe7 32. Qc7+ Qd7 33. Rc1 Ra8 34. Qg3 Kf8 35. Rc7 1-0

[Event "OP-2017-0-04284"]
[Site "LSS email"]
[Date "2017.02.18"]
[Round "?"]
[White "Garcia, Javier"]
[Black "Ederer, Karel"]
[Result "0-1"]
[WhiteElo "744"]
[BlackElo "1937"]
[PlyCount "36"]
[EventDate "2017.02.09"]
[EventType "tourn (corr)"]
[EventRounds "4"]
[EventCountry "GER"]
[SourceTitle "Corr 2022"]
[Source "ChessBase"]
[SourceDate "2021.10.24"]
[SourceVersion "1"]
[SourceVersionDate "2021.10.24"]
[SourceQuality "1"]

1. d4 d5 2. c4 c6 3. cxd5 cxd5 4. Nf3 g6 5. g3 Bg7 6. Bd2 Nc6 7. e3 Nf6 8. Bb5 0-0 9. 0-0 Ne4 10. Bxc6 bxc6 11. Bb4 Bg4 12. Kg2 Rb8 13. Bc3 Qd7 14. Nbd2 c5 15. Qc2 Bf5 16. Nxe4 Bxe4 17. Qd2 Rb6 18. Ba5 Rf6 0-1